abc the24th ペーパー通過者 - Statistics

General Stats
  • This quiz has been taken 27 times
  • The average score is 38 of 48
Answer Stats
順位 所属 学年 Answer % Correct
8 京都大 大3 松﨑颯樹
96%
1 東京大 大4 犬飼壮太
92%
2 立命館大 大4 飯星洸一郎
92%
4 東京大 大3 大谷悠斗
92%
5 東京大 大1 田中律輝
92%
3 東京大 大4 油田尊
88%
9 慶應義塾大 大4 南奏斗
88%
11 東京大 大4 林志邦
88%
12 開成高 高1 有働英永
88%
13 京都大 大2 鴫原遼
88%
15 開成高 高2 西川志人
88%
21 大阪大 大1 西村結人
88%
6 大阪大 大4 浪江快斗
84%
7 立命館大 大4 丹羽佳樹
84%
10 立命館大 大4 井上想介
84%
14 京都大 大4 別所輝典
84%
18 東北大 大4 角田航平
84%
22 早稲田大 大2 木村綜太
84%
16 早稲田大 大4 齊藤凜
80%
17 慶應義塾大 大3 芳ノ内陸馬
80%
19 早稲田大 大3 浅見維斗
80%
24 大阪大 大4 実盛晴紀
80%
26 大江戸高 高4 宮﨑晃樹
80%
28 東京大 大4 吉田葵生
80%
34 一橋大 大3 吉田雅
80%
41 九州大 大4 中山拓海
80%
43 北海道大 大4 川本大吾
80%
20 東京大 大4 東亮太
76%
27 早稲田大 大3 宮田大翔
76%
29 早稲田大 大4 太田蒼良
76%
32 京都大 大3 大江悠叶
76%
33 早稲田大 大4 北村航太郎
76%
36 東京大 大1 福田凌太郎
76%
39 明治大 大4 服部拓未
76%
40 大阪大 大3 梶村優太
76%
42 早稲田大 大4 𠮷川裕樹
76%
44 京都大 大3 上西耕平
76%
46 大阪大 大3 尾花咲弥
76%
47 熊本大 大3 福岩真帆
76%
48 京都大 大2 西田誠也
76%
23 東京大 大3 反保凜太郎
72%
30 東京都立大 大3 川﨑雄大
72%
35 早稲田大 大4 鈴木大輝
72%
38 東京大 大3 藤谷恒輝
72%
25 東京大 大3 深町律樹
68%
31 早稲田大 大2 岡本侑大
68%
37 筑波大 大4 長濱潤
68%
45 早稲田大 大4 川勝理史
60%
No matching quizzes found
Score Distribution
Percent of People with Each Score
Percentile by Number Answered
Your Score History
You have not taken this quiz